Intercultural dialogue in art and religion (Record no. 23634)

MARC details
000 -LEADER
fixed length control field 00923cam a2200301 i 4500
020 ## - INTERNATIONAL STANDARD BOOK NUMBER
ISBN 9788193779422
020 ## - INTERNATIONAL STANDARD BOOK NUMBER
ISBN 8193779428
082 04 - DEWEY DECIMAL CLASSIFICATION NUMBER
Classification number 303.482
Author Cutter LOW
100 1# - MAIN ENTRY--AUTHOR NAME
Author name Löwner, Gudrun,
245 10 - TITLE STATEMENT
Title Intercultural dialogue in art and religion
260 ## - PUBLICATION, DISTRIBUTION, ETC. (IMPRINT)
Place of publication New Delhi
Name of publisher Manohar Publisher
Year of publication 2018
300 ## - PHYSICAL DESCRIPTION
Number of Pages 282 pages :
Other physical details illustrations (black and white, and colour) ;
650 #0 - SUBJECT ADDED ENTRY--TOPICAL TERM
Topical Term Intercultural communication in art.
650 #0 - SUBJECT ADDED ENTRY--TOPICAL TERM
Topical Term Intercultural communication
650 #0 - SUBJECT ADDED ENTRY--TOPICAL TERM
Topical Term Cultural pluralism
650 #0 - SUBJECT ADDED ENTRY--TOPICAL TERM
Topical Term Cultural pluralism
650 #0 - SUBJECT ADDED ENTRY--TOPICAL TERM
Topical Term Art, Indic.
650 #0 - SUBJECT ADDED ENTRY--TOPICAL TERM
Topical Term Art, Sri Lankan.
650 #0 - SUBJECT ADDED ENTRY--TOPICAL TERM
Topical Term Christian art and symbolism
650 #7 - SUBJECT ADDED ENTRY--TOPICAL TERM
Topical Term Art, Indic.
650 #7 - SUBJECT ADDED ENTRY--TOPICAL TERM
Topical Term Art, Sri Lankan.
650 #7 - SUBJECT ADDED ENTRY--TOPICAL TERM
Topical Term Christian art and symbolism.
650 #7 - SUBJECT ADDED ENTRY--TOPICAL TERM
Topical Term Cultural pluralism.
650 #7 - SUBJECT ADDED ENTRY--TOPICAL TERM
Topical Term Intercultural communication in art.
650 #7 - SUBJECT ADDED ENTRY--TOPICAL TERM
Topical Term Intercultural communication
942 ## - ADDED ENTRY ELEMENTS (KOHA)
Koha item type Books
700 1# -
-- Fernando, Leonard,
Holdings
Home library Current library Shelving location Date acquired Source of acquisition Full call number Accession Number Koha item type
Henry Martyn Institute Library Henry Martyn Institute Library General stacks 10/16/2025 Director 303.482 LOW 11004104 Books
                   Copyright © 2026 | Henry Martyn Institute | Hyderabad | TS-500052 | INDIA | Implemented by hmi.edu.in
Hit-Count:

Powered by Koha